Normal view
MARC view
- Ghiselin, Olive
Entry Personal Name
001 - CONTROL NUMBER
- control field: 153639
003 - CONTROL NUMBER IDENTIFIER
- control field: DLC
005 - DATE AND TIME OF LATEST TRANSACTION
- control field: 20260414101218.0
008 - FIXED-LENGTH DATA ELEMENTS
- fixed length control field: 890801n| acannaabn |n aaa
010 ## - LIBRARY OF CONGRESS CONTROL NUMBER
- LC control number: n 88298636
035 ## - SYSTEM CONTROL NUMBER
- System control number: (OCoLC)oca02571799
040 ## - CATALOGING SOURCE
- Original cataloging agency: DLC
- Language of cataloging: eng
- Transcribing agency: DLC
- Modifying agency: DLC
- Modifying agency: OCoLC
053 #0 - LC CLASSIFICATION NUMBER
- Classification number element--single number or beginning number of span: PS3557.H55
100 1# - HEADING--PERSONAL NAME
- Personal name: Ghiselin, Olive
670 ## - SOURCE DATA FOUND
- Source citation: Her The testimony of Mr. Bones, c1989:
- Information found: CIP t.p. (Olive Ghiselin)



